00591nam a2200157 a 450000100100000000500170001000800410002704000250006810000320009324500720012526000350019730000270023271000520025995201050031199900170041600004082320240307073942.0130909s2012 dr a 000 0 spa d aDO-SdBNPbspacBNPHU1 aMeléndez, Martín96724710aHidráulica I :bpráctica de laboratorio /cMartín Meléndez. aSanto Domingo :bIntec,c2012. a82 p. :bil. ;c29 cm.2 aInstituto Tecnológico de Santo Domingo978911 0010718PDaPDbPDcCTd2013-09-09iLF1l0o p40823-10r2020-06-25w2020-06-25yLFPDZNo se presta c40313d40313